000 00532nam a2200217Ia 4500
008 210210b2007 xxu||||| |||| 00| 0 eng d
020 _a13:9788173197628
041 _aeng
082 _a539.776 BARI
100 _aBARUA (K C)
245 _aIntroduction to condensed matter physics
260 _aNew Delhi
_bNarosa Publishing House
_c2007
300 _axvi,313
650 _ato
650 _aphysics
650 _amatter
650 _aIntroduction
650 _acondensed
690 _aAtomic Physics
906 _a062536
999 _c117652
_d117652